Governance, ethics and social responsibility of business / (Record no. 150327)

MARC details
000 -LEADER
fixed length control field 00799nam a22001937a 4500
005 - DATE AND TIME OF LATEST TRANSACTION
control field 20180310152858.0
010 ## - LCCN (DPL NO)
LC control number B-667730
020 ## - INTERNATIONAL STANDARD BOOK NUMBER
Terms of availability 240.00
International Standard Book Number 9789380674810
035 ## - SYSTEM CONTROL NUMBER
System control number B-667730
037 ## - SOURCE OF ACQUISITION
Source of stock number/acquisition KKP
Stock number dpl
082 ## - DEWEY DECIMAL CLASSIFICATION NUMBER
Classification number 658.408
100 ## - MAIN ENTRY--PERSONAL NAME
Personal name Rajput, Namita
245 ## - TITLE STATEMENT
Title Governance, ethics and social responsibility of business /
Statement of responsibility, etc by Namita Rajput, Harpreet Kaur [and] Rohit Verma
260 ## - PUBLICATION, DISTRIBUTION, ETC. (IMPRINT)
Place of publication, distribution, etc New Delhi
Name of publisher, distributor, etc Sun India Publications
Date of publication, distribution, etc 2014
270 ## - ADDRESS
Address 4382/4B, First Floor, Murari Lal Street, Ansari Road, Daryaganj,
City New Delhi
Postal code 110002
300 ## - PHYSICAL DESCRIPTION
Extent various pagings
Dimensions 24cm(pbk)
942 ## - ADDED ENTRY ELEMENTS (KOHA)
Source of classification or shelving scheme Dewey Decimal Classification
Item type English Books
Call number suffix RAJ
Classification part 658.408
Holdings
Withdrawn status Lost status Not for loan Collection code Home library Current library Date acquired Source of acquisition Cost, normal purchase price Full call number Barcode Copy number Cost, replacement price Koha item type
      Non-fiction Ashok Vihar Ashok Vihar 10/03/2018 KKP/278/24.2.2017/420/15.2.2017/17.3.2017 240.00 658.408 RAJ B-667730 1 240.00 English Books

© Delhi Public Library
Hit Counter
free hit counter